[Event "Johor op-A 7th"]
[Site "Johor"]
[Date "2022.12.30"]
[Round "8"]
[White "Masli, Muhd Nur Daie"]
[Black "Tharation, Prem Kumar"]
[Result "1-0"]
[WhiteElo "1741"]
[BlackElo "1559"]
[PlyCount "95"]
[EventDate "2022.12.26"]
[EventType "swiss"]
[EventRounds "9"]
[EventCountry "MAS"]
[SourceTitle "CBM 212 Extra"]
[Source "ChessBase"]
[SourceDate "2023.03.31"]
[SourceVersion "1"]
[SourceVersionDate "2023.03.31"]
[SourceQuality "1"]

1. e4 e6 2. Nf3 d5 3. Nc3 Nf6 4. e5 Nfd7 5. d4 h6 6. Bd3 b6 7. Ne2 Ba6 8. 0-0 Bxd3 9. Qxd3 c5 10. c3 Nc6 11. Bd2 Qc7 12. Rfc1 Be7 13. b3 Rd8 14. Ng3 Qb7 15. Rf1 cxd4 16. cxd4 Nb4 17. Bxb4 Bxb4 18. a3 Be7 19. Nd2 Rc8 20. f4 g6 21. Ne2 Nb8 22. Qf3 Rc2 23. Nb1 Rc6 24. g4 Rg8 25. Kh1 Qa6 26. Nbc3 h5 27. gxh5 gxh5 28. Qxh5 Rc8 29. Rg1 Rf8 30. Qf3 f5 31. Rg6 Rc6 32. a4 Qa5 33. Rg7 a6 34. Rb1 Qb4 35. h4 Rc8 36. Rbg1 Rh8 37. h5 Nc6 38. Rg8+ Kd7 39. Rxc8 Kxc8 40. Rg6 Nxd4 41. Nxd4 Qxd4 42. Rxe6 Bb4 43. Ne2 Qd1+ 44. Kg2 Bc5 45. Rf6 Rg8+ 46. Rg6 Rf8 47. h6 Rh8 48. Ng3 1-0

[Event "Puchong op 6th"]
[Site "Puchong"]
[Date "2019.08.25"]
[Round "4"]
[White "Tharation, Prem Kumar"]
[Black "Hiu, Jack Yuan"]
[Result "0-1"]
[WhiteElo "1601"]
[BlackElo "1473"]
[PlyCount "138"]
[EventDate "2019.08.24"]
[EventType "swiss"]
[EventRounds "6"]
[EventCountry "MAS"]
[SourceTitle "EXT 2020"]
[Source "ChessBase"]
[SourceDate "2019.10.17"]
[SourceVersion "1"]
[SourceVersionDate "2019.10.17"]
[SourceQuality "1"]

1. d4 Nf6 2. c4 g6 3. Nc3 Bg7 4. Bg5 d6 5. e3 0-0 6. Be2 c6 7. Nf3 Qc7 8. Qc2 e5 9. dxe5 dxe5 10. h3 Na6 11. a3 Nc5 12. Nd2 a5 13. 0-0 Ne6 14. Bh4 b6 15. Rfd1 Bb7 16. Rac1 h6 17. Bg3 Rad8 18. Na4 Nd7 19. Ne4 f5 20. Nd2 Ndc5 21. Nc3 f4 22. Bh2 g5 23. b4 Nd7 24. Bg4 Rfe8 25. Nde4 Nf6 26. Rxd8 Qxd8 27. Rd1 Qe7 28. Nxf6+ Qxf6 29. Ne4 Qe7 30. Rd6 Qf7 31. Qd3 Bf8 32. Rd7 Re7 33. Qd6 Rxd7 34. Qxd7 Qxd7 35. Nf6+ Kf7 36. Nxd7 Be7 37. Nxb6 axb4 38. axb4 Bxb4 39. Kf1 Ba6 40. Be2 Ba5 41. Na4 Ke7 42. g3 Bd2 43. exf4 exf4 44. Bd3 fxg3 45. fxg3 Be3 46. Bg1 Bxg1 47. Kxg1 Kd6 48. Kf2 Nc5 49. Nxc5 Kxc5 50. Kf3 Bxc4 51. Bc2 Kd4 52. Bg6 c5 53. h4 Bd3 54. Bf7 Bf5 55. hxg5 hxg5 56. Ba2 Kc3 57. Ke3 Kb4 58. Bd5 c4 59. Bxc4 Kxc4 60. Kd2 Kd4 61. Ke2 Bg4+ 62. Kf2 Ke4 63. Kg2 Ke3 64. Kh1 Kf3 65. Kh2 Kf2 66. Kh1 Kxg3 67. Kg1 Bf3 68. Kf1 Kh2 69. Kf2 g4 0-1

[Event "Puchong op 6th"]
[Site "Puchong"]
[Date "2019.08.24"]
[Round "2"]
[White "Tharation, Prem Kumar"]
[Black "Subramaniam, Sumanth"]
[Result "0-1"]
[WhiteElo "1601"]
[BlackElo "2131"]
[PlyCount "82"]
[EventDate "2019.08.24"]
[EventType "swiss"]
[EventRounds "6"]
[EventCountry "MAS"]
[SourceTitle "EXT 2020"]
[Source "ChessBase"]
[SourceDate "2019.10.17"]
[SourceVersion "1"]
[SourceVersionDate "2019.10.17"]
[SourceQuality "1"]

1. d4 d5 2. c4 e6 3. Nf3 Nf6 4. Bg5 Be7 5. Nc3 0-0 6. e3 h6 7. Bh4 Nbd7 8. cxd5 Nxd5 9. Bxe7 Qxe7 10. Rc1 Nxc3 11. Rxc3 c6 12. Bd3 e5 13. dxe5 Nxe5 14. Nxe5 Qxe5 15. 0-0 Be6 16. Bb1 Rad8 17. Qc2 g6 18. Rd1 Qb5 19. b3 Qe5 20. Rc1 Rd7 21. Qe2 Rfd8 22. Rd3 Rxd3 23. Bxd3 c5 24. Qc2 Kg7 25. h3 b6 26. Qc3 Qxc3 27. Rxc3 a5 28. Kf1 a4 29. Ke2 axb3 30. axb3 Bd5 31. f3 Ra8 32. e4 Ra2+ 33. Ke3 Be6 34. Be2 Rb2 35. g4 Rxb3 36. Rxb3 Bxb3 37. Bb5 f6 38. f4 g5 39. Ba6 Kf7 40. e5 fxe5 41. fxe5 Ke6 0-1

[Event "Kuala Lumpur Selangor op 46th"]
[Site "Kuala Lumpur"]
[Date "2019.04.30"]
[Round "7"]
[White "Pitra, Andika"]
[Black "Tharation, Prem Kumar"]
[Result "1-0"]
[WhiteElo "2251"]
[BlackElo "1541"]
[PlyCount "58"]
[EventDate "2019.04.26"]
[EventType "swiss"]
[EventRounds "9"]
[EventCountry "MAS"]
[SourceTitle "EXT 2020"]
[Source "ChessBase"]
[SourceDate "2019.10.17"]
[SourceVersion "1"]
[SourceVersionDate "2019.10.17"]
[SourceQuality "1"]

1. e4 Nc6 2. Nf3 e5 3. Bb5 d6 4. d4 Bd7 5. 0-0 Nge7 6. c3 Ng6 7. Na3 a6 8. Bd3 Bg4 9. Be2 Be7 10. h3 Bxf3 11. Bxf3 Bg5 12. Bh5 Nf4 13. Bxf4 Bxf4 14. dxe5 dxe5 15. Qb3 0-0 16. Qxb7 Qf6 17. Nc4 Rfb8 18. Qxc7 Ra7 19. Qd6 Qxd6 20. Nxd6 g6 21. Bd1 Rxb2 22. Bb3 Na5 23. Rab1 Rd2 24. Bd5 Rc2 25. Rb8+ Kg7 26. Rc8 Rxa2 27. Bxa2 Rd7 28. Ne8+ Kh6 29. Bd5 Ra7 1-0